Quizzes
Events
Quiz Creation
Community
Videos
Private Events
Remove Ads
Sign In
Join for FREE
Feedback
Dark Mode
Quiz Categories
Sports
Geography
Music
Movies
Television
Just For Fun
Miscellaneous
History
Literature
Language
Science
Gaming
Entertainment
Religion
Holiday
For Kids
Quiz Lab
Recent
Popular Today
Quiz Kudos Today
Editor Picks
Curator Picks
Quizzes by...
Day
Popularity
Type
Ratings
Length
Year
Community
Subscriptions
Recent Discussions
Orange Saloon
Badges
Playlists
Quests
Create
Leaderboards
Showdown
Live 5
Trivia Bingo
Activity
Puzzle Library
Sporcle Events
Private Events
Virtual Trivia
Globe League
Become a Host
Pub Owners
SporcleCon
Opinionation
Our Games
Videos
Blog
Mobile Apps
Partnerships
Remove Ads and Go Orange
Feedback
Miscellaneous
Crossword
General Knowledge
Baby Names
Logo
Food
Cars
Numbers
Grab Bag
University
College
Popular
Company
Slogans
Restaurants
Justice
Letter
Miscellaneous
Crossword
General Knowledge
Baby Names
Logo
Food
Cars
Numbers
Grab Bag
University
College
Popular
Company
Slogans
Restaurants
Justice
Letter
Random Quiz
Search Sporcle
×
Quiz Lab
Quiz Lab
Miscellaneous
Color
Type in answers that appear in a list
Type in answers that appear in a list
Classic
Best Score? Go Orange.
Colorful Edibles Stats
Can you name the Following Edible Items that Have a Colorful Name?
By
wittrunner
5m
20 Questions
102 Plays
102 Plays
102 Plays
Comments
Comments
Give Quiz Kudos
Give Quiz Kudos
-
- Ratings
hide this ad
More Info
Replay
Link that replays current quiz
Next Quiz
Link to next quiz in quiz playlist
You Got
0%
They Got
Avg Score
28%
Avg Friend Score
Upgrade to see
Score Distribution
Jump to the score distribution portion of the page
Score
0/20
Timer
05:00
0
Plays Today
Clue
% Correct
A citrus fruit high in Vitamin C.
Orange
84.3%
An edible crustacean or a popular seafood chain.
Red Lobster
61.8%
An unnamed character has repeatedly stated to Sam-
I-
Am that he/
she does not like these.
Green Eggs
59.8%
A signature of the American apple growing industry. The name would suggest a high amount of tastiness.
Red Delicious
58.8%
Little Jack Horner has been known to pull them out of pies.
Plum
58.8%
A sweetener given its color from molasses, or a popular song by the Rolling Stones
Brown Sugar
47.1%
A caffeinated drink produced by Coca-
Cola, quite possibly a reference to a 1967 Donovan song.
Mello Yello
37.3%
Vegetable rich in Vitamin C, grown in bush and pole varieties.
Green Bean
31.4%
Though the name may suggest, this fruit is not related to a prior answer, nor is it made of a valuable metal.
Golden Delicious
23.5%
The odor of this product is produced by Brevibacterium linens, the same bacteria responsible for foot odor.
Bleu Cheese
22.5%
Clue
% Correct
The seeds of the plant Brassica juncea, are used to make this spicier variety of condiment.
Brown Mustard
11.8%
Soft Drink created by Grover C. Thomsen in 1937, the drink is now a major associate sponsor of NASCAR driver Jeremy Mayfield
Big Red
10.8%
80% of the world consumption of this ocean dweller is attributed to Japanese markets
Southern Bluefin Tuna
10.8%
General term often marketed as a healthier alternative to red or dark varieties. Its color comes from a lack of myoglobin.
White Meat
10.8%
Schwarzwälder Schinken in Germany, this meat product may take up to three months to produce.
Black Forest Ham
7.8%
Considered a marketing flop, this soft drink was first released in 2002 as a response to Vanilla Coke.
Pepsi Blue
7.8%
A more recent version of this snack puff was develeped in order to avoid an orange residue left on eaters' fingers.
White Cheddar Cheese
6.9%
This type of clear spirit is wildly popular among many in the hip-
hop community.
Grey Goose
5.9%
When marinated in Italian salad dressing and chopped garlic, this vegetable becomes the focal point of Texas caviar.
Black-eyed Pea
4.9%
This fruit, Vitis vinifera, is primarily used as a table variety. Others may be dried or juiced.
Red Flame, Red Globe, Black Corinth Grape
1%
Quiz Playlist
Details
Report
Send in Message
Add To Playlist
More Info:
Edible: that which can be consumed without harm; non-toxic to humans; suitable for consumption
Classic:
Type in answers that appear in a list
Last Updated: Feb 16, 2017
Quiz Scoreboard
CHALLENGE
Sign Up to Join the Scoreboard
Show All
Scores
Hide
Comments
May contain spoilers
Recently Published
9x9 Crossword: Cartoon Network
by jackfrog10
Miscellaneous
3m
College Basketball Coaching Resumes
by pancakes188
Sports
9m
Billboard Blitz: Fleetwood Mac
by CooCooCachoo
Music
15s
More to Explore
Quiz From the Vault
Featured Blog Post
Where Did the Easter Bunny Come From?
hide this ad
You Might Also Like...
Tags
Color Quiz
item
Today's Top Quizzes in Miscellaneous
Browse Miscellaneous
hide this ad
Today's Top Quizzes in Color
Browse Color
Top Contributed Quizzes in Miscellaneous
1
5-to-1: Fast Food
2
The JOE quick-fire general knowledge quiz: Day 174
3
The JOE quick-fire general knowledge quiz: Day 173
4
5-to-1: Cocktails
5
The JOE quick-fire general knowledge quiz: Day 172
6
Sunday Crossword: Famous Bodies of Water
7
The JOE quick-fire general knowledge quiz: Day 171
8
Named After an Animal - Odd One Out!
9
One Thing in Common: United Kingdom II
10
The JOE quick-fire quiz: Day 170
Explore More
Trending Topics
Crossword
Kpop
NBA
Marvel
Anime
Harry Potter
Disney
Soccer
WWE
Song
The Office
Pokémon
Puzzle
Country
NFL
hide this ad
More By:
wittrunner
Quiz
Plays
Rating
Category
Featured
Created
1980-2011 NCAA Bowl Winners
3,405
4.21
Sports
Oct 18, 2011
Biggest Movie Flops
478
1.50
Movies
Nov 15, 2009
Top 5 Cy Young Voting 2000-2010
319
3.00
Sports
Oct 18, 2011
Hot Pocket Flavors
210
2.60
Miscellaneous
Nov 15, 2009
Colorful Edibles
102
3.00
Miscellaneous
Feb 7, 2010
Go to Creator's Profile
Score Distribution
Quiz Creator Spotlight
wittrunner
Follow
Send a Message
Quizzes Created
-
Created Quiz Play Count
-
More By This Creator
Popular Quizzes Today
1
Find the US States - No Outlines Minefield
2
Find the Countries of Europe - No Outlines Minefield
3
The Countries of the World
4
Find the US States
5
Risky Map Clicking: Biggest States A-Z
6
US States
7
Popular People in 1961
8
Movies - When Are They Set?
More Miscellaneous Quizzes
Vintage Topps Designs
Curator's Pick
Trending Quizzes
Risky Map Clicking: Least Populous States A-Z
1-10 Letter G Words
1-10 Letter F Words
Risky Map Clicking: Next State Alphabetically
Adjectives in 80s TV Shows
Recently Updated
Leaping Animals
pecheneg
Reality TV Shows (A-Z)
bhenderson79
Rickey Henderson's Hall of Fame Teammates
pecheneg
Champions League XIs: Arsenal
pecheneg
Quick Pick: Celebrities in WWE's Hall of Fame
aduchscher
A-Z Keypad Blitz II
pecheneg
Multiple Oscar Actors
pecheneg
Mystery Phrase Blitz: Oscar 'Best Actors'
pecheneg
F. Scott Fitzgerald Novels
LTH
Pick 3 Villains
ddd62291
Trending Topics
NBA
Harry Potter
Marvel
Disney
Kpop
Crossword
Anime
WWE
Song
The Office
NFL
Pokémon
Puzzle
Soccer
Country
Your Account Isn't Verified!
In order to create a playlist on Sporcle, you need to verify the email address you used during registration. Go to your
Sporcle Settings
to finish the process.
Report this User
Report this user for behavior that violates our
Community Guidelines
.
Details:
Send Report
Go to the Sporcle.com Mobile Site →
Comments